| 000 | 01176nam a22002897a 4500 | ||
|---|---|---|---|
| 005 | 20240530110509.0 | ||
| 008 | 151026s2010 ua g 000 0 ara d | ||
| 017 |
_a2010/43829 _bمصر . دار الكتب المصرية |
||
| 040 | _aEG-CaGPL | ||
| 082 | 0 | 4 |
_221 _a327.14\ _bت ح |
| 100 | 1 | _aتايلور ، فيليب | |
| 245 | 1 | 0 |
_aحرب العقول : _bاخطر الدعائيات الحربية فى معارك التاريخ / _cفيليب تايلور ؛ اشرف على الترجمة مركز الترجمة و الابحاث بدار جزيرة الورد |
| 250 | _aط1 | ||
| 260 |
_aالقاهرة : _bمكتبة جزيرة الورد ، _c2010 . |
||
| 300 |
_a288 ص ؛ _c24 سم . |
||
| 650 | 0 | 4 | _aالحروب |
| 650 | 0 | 4 | _aالحرب و الاخلاق |
| 650 | 0 | 4 | _aالاشاعات |
| 650 | 0 | 4 | _aالدعاية |
| 650 | 0 | 4 | _aالاعلام |
| 650 | 0 | 4 | _aالحرب النفسية |
| 650 | 0 | 4 | _aالعلوم الحربية |
| 650 | 0 | 4 | _aعلم النفس السياسى |
| 700 | 0 |
_aمركز الترجمة و الابحاث بدار جزيرة الورد _eمترجم |
|
| 942 |
_2ddc _cBK |
||
| 999 |
_c61634 _d61634 |
||